KOHA-Header-6

Professional Active Server Pages 3.0 (Record no. 7811)

000 -LEADER
fixed length control field 00249nam a2200109Ia 4500
020 ## - INTERNATIONAL STANDARD BOOK NUMBER
ISBN 978-1861002617
100 ## - MAIN ENTRY--AUTHOR NAME
Personal name Blexrud,Chris
245 #0 - TITLE STATEMENT
Title Professional Active Server Pages 3.0
260 ## - PUBLICATION, DISTRIBUTION, ETC. (IMPRINT)
Place of publication India
Name of publisher McGraw-Hill
Year of publication 1999
300 ## - PHYSICAL DESCRIPTION
Number of Pages 1275
942 ## - ADDED ENTRY ELEMENTS (KOHA)
Koha item type Books
Holdings
Withdrawn status Lost status Collection code Permanent Location Current Location Shelving location Date acquired Full call number Accession Number Koha item type
    Computer Networking MAJU MAJU   2019-09-12 005.2 1970 Computer Networking

Powered by Koha